Ernest Psichari (Registro nro. 307746)

Detalles MARC
000 -ENCABEZADO
Número de control [NR] 02078nam a2200289Ia 4500
005 - FECHA Y HORA DE LA ÚLTIMA TRANSACCIÓN
control field 20171019154907.0
008 - DE LONGITUD FIJA DE DATOS DE ELEMENTOS - INFORMACIÓN GENERAL
Elementos de longitud fija [NR] 130821s1921 fr fr 1 dfre
040 ## - FUENTE DE CATALOGACION [NR]
Agencia de catalogación original [NR] Co-BoUCM
Idioma de catalogación [NR] spa
Quien Cataloga Sandra Yazo
Quien Clasifica Sandra Yazo
041 0# - CODIGO DE IDIOMA [R]
Código de idioma para texto/pista de sonido o título separado [R] Francés
082 04 - NUMERO DE CLASIFICACION DECIMAL DEWEY [R]
Número de clasificación [R] 928.40
Número de la edición [NR] 20
092 ## - SIGNATURA TOPOGRAFICA LOCAL
Número de clasificación local E44N049
100 1# - ASIENTO PRINCIPAL--NOMBRE PERSONAL [NR]
Nombre personal [NR] Goichon, A. M.‏
Fechas asociadas con el nombre [NR] 1894-1977‏
Forma más completa del nombre [NR] Amélie Marie
ID Autoridad 87836
242 00 - TRADUCCION DEL TITULO POR LA AGENCIA CATALOGADORA [R]
Título [NR] Ernesto Psichari.
Mención de responsabilidad, etc. [NR] A. - M. Goichon ; Prólogo de Jacques Maritain
Parte restante del título [NR] Según documentos inéditos.
245 10 - MENCION DE TITULO [NR]
Título [NR] Ernest Psichari
Parte restante del título [NR] D’après des documents inédits
Mención de responsabilidad, etc. [NR] A. - M. Goichon ; Préface par Jacques Maritain
260 ## - PUBLICACION, DISTRIBUCION, ETC. (PIE DE IMPRENTA) [R]
Lugar de publicación, distribución, etc. [R] París (Francia)
Nombre del editor, distribuidor, etc. [R] Éditions de la Revue des Jeunes [Ediciones de la Revista de los Jóvenes] ; Presses d’Henri Dieval [Imprenta de Henri Dieval]
Fecha de publicación, distribución, etc. [R] 1921
300 ## - DESCRIPCION FISICA [R]
Extensión [R] 371 páginas.
Dimensiones [R] 18 x 13 cm.
500 ## - NOTA GENERAL [R]
Nota general [NR] Detalles físicos: Encuadernación rígida (holandesa) en cartón forrado en papel jaspeado con lomo de tela texturizada y adornos en dorado. Guardas. Anteportada. Hoja de papel satinado, con fotografía del biografiado (frontispicio). Portada impresa en una sola tinta con la marca tipográfica del editor. Texto impreso en una sola columna, con diversos tipos de letra. Notas de pie de página. Fotografías en blanco y negro. Algunos grabados dentro del texto. Facsímil de alguno de sus escritos. Plegable con mapa al final. Índice.
505 0# - NOTA DE CONTENIDO CON FORMATO PREESTABLECIDO [R]
Nota de contenido con formato preestablecido [NR] Palabras iniciales ; Prólogo ; Infancia y juventud ; La conversión al orden ; El llamado de las armas lo lleva hasta Mauritania ; Del orden militar al orden católico ; El orden católico ; Ideas directrices de la evolución de Ernesto Psichari ; La conversión total ; Vida cristiana ; Agosto de 1914 ; “No todos dejan tras de sí una estela semejante…”
506 ## - NOTA DE RESTRICCIONES DE ACCESO [R]
Condiciones de acceso [NR] Consulta en sala
546 ## - NOTA DE IDIOMA [R]
Nota de idioma [NR] Texto en francés
600 14 - ASIENTO SECUNDARIO DE MATERIA - NOMBRE PERSONAL [R]
Nombre personal [NR] Psichari, Ernest
Fechas asociadas con el nombre [NR] 1883-1914
Subdivisión de forma [R] Biografías
9 (RLIN) 87837
650 #7 - ASIENTO SECUNDARIO DE MATERIA - TERMINO TEMATICO [R]
Término temático o nombre geográfico como elemento de entrada [NR] Biografías
9 (RLIN) 7343
650 #7 - ASIENTO SECUNDARIO DE MATERIA - TERMINO TEMATICO [R]
Término temático o nombre geográfico como elemento de entrada [NR] Escritores franceses
Subdivisión de forma [R] Biografías
9 (RLIN) 14787
650 #7 - ASIENTO SECUNDARIO DE MATERIA - TERMINO TEMATICO [R]
Término temático o nombre geográfico como elemento de entrada [NR] Militares franceses
9 (RLIN) 19545
Subdivisión de forma [R] Biografías
690 ## - ASUNTO AGREGADO LOCAL DE ENTRADA - TÉRMINO TEMÁTICO (OCLC, RLIN)
Acceso temático local Biografías
9 (RLIN) 7343
942 ## - ELEMENTOS DE ENTRADA AGREGADOS (KOHA)
Tipo de ítem principal el descrito en 300a Libro
Edición 1
Sistema de clasificación LOCAL
Clasificación E44N049
Existencias
Suprimido Perdido Sistema de clasificación Dañado No prestable Tipo de ítem específico Ubicación habitual Ubicación actual Localización Fecha de creación Forma de adquisición Costo Total préstamos Signatura topográfica Código de barras Última vez visto Ejemplar Price effective from Tipo de ítem
    LOCAL     Libro archivo Archivo Histórico Archivo Histórico Archivo histórico 19/10/2017 Donación 0.00   E44N049 L006355 19/10/2017 Ej.1 19/10/2017 Libro